Bài tập vẽ kỹ thuật

Kaydedildi:
Detaylı Bibliyografya
Yazar: Trần, Hữu Quế
Materyal Türü: Kitap
Dil:Undetermined
Baskı/Yayın Bilgisi: Hà Nội Giáo dục 2004
Konular:
Etiketler: Etiketle
Etiket eklenmemiş, İlk siz ekleyin!
Thư viện lưu trữ: Trung tâm Học liệu Trường Đại học Cần Thơ
LEADER 00542nam a2200193Ia 4500
001 CTU_95375
008 210402s9999 xx 000 0 und d
020 |c 19700 
082 |a 604.2076 
082 |b Qu250 
100 |a Trần, Hữu Quế 
245 0 |a Bài tập vẽ kỹ thuật 
245 0 |c Trần Hữu Quế 
260 |a Hà Nội 
260 |b Giáo dục 
260 |c 2004 
650 |a Engineering drawings,Mechanical drawing 
904 |i Truc 
980 |a Trung tâm Học liệu Trường Đại học Cần Thơ